00775cam a22002177a 4500003000500000005001700005008004100022010001000063011001000073035001000083040000900093100002700102245018500129260004100314300001100355502008500366650003100451650003100482650002000513700002400533CHAP20250905093920.0980324d1997 mx r 00110 spa d a75123 a76095 a85672 cCHAP10aSuárez Morales, Nora10aDiagnóstico y perspectivas del sistema agroindustrial leche en los municipios de Tlaxco, Tlax. :bChignahuapan y Zacatlán, Pue.c/por Nora Suárez Morales y José Parada Lira aChapingo, Méx. :bEl autor,c1997. a105 h. aTesis (Ing. Agroindustrial) -- UACH. Departamento de Ingeniería Agroindustrial14aIndustria lecheraxPuebla.14aLechexMercadeozTlaxcala.14aLechexPrecios.1 aParada Lira, José